Space Making Craft Vol 2 Matra Ways of Measuring Vernacular Built Forms of Himachal Pradesh (Record no. 3180)

000 -LEADER
fixed length control field 00365nam a2200109Ia 4500
008 - FIXED-LENGTH DATA ELEMENTS--GENERAL INFORMATION
fixed length control field 200302s9999 xx 000 0 und d
100 ## - MAIN ENTRY--PERSONAL NAME
Personal name Jay Thakkar & Other
245 ## - TITLE STATEMENT
Title Space Making Craft Vol 2 Matra Ways of Measuring Vernacular Built Forms of Himachal Pradesh
260 ## - PUBLICATION, DISTRIBUTION, ETC.
Name of publisher, distributor, etc. Sid Research Cell School Interior design Publishing
260 ## - PUBLICATION, DISTRIBUTION, ETC.
Date of publication, distribution, etc. 2008
300 ## - PHYSICAL DESCRIPTION
Extent 313 P.,
Holdings
Withdrawn status Lost status Damaged status Not for loan Permanent Location Current Location Date acquired Cost, normal purchase price Total Checkouts Total Renewals Full call number Barcode Date last seen Date last checked out Price effective from Koha item type
        BMS College of Architecture, Design and Planning BMS College of Architecture, Design and Planning 2020-03-03 2400.00 1 1 720.9544 CL-UG62417 2025-11-26 2025-08-13 2020-03-03 UG Books from CL
Copyright © 2025, The Librarian, Library and Information Centre, BMSCA D&P, Bengaluru. All Rights Reserved
web counter

Powered by Koha